Retrato de un silencio fallido = Portrait of a Failed Science /

Folio MUAC es una colección de publicaciones de extensión breve, relativas a exposiciones presentadas en el Museo Universitario Arte Contemporáneo de la UNAM. La edición recuenta la exposición que se presentó en la sala 7 del MUAC entre el 5 de septiembre del 2015 y el 3 de enero del 2016, con la ob...

ver descrição completa

Na minha lista:
Detalhes bibliográficos
Autor principal: Koizumi, Meiro (artista)
Autor Corporativo: Museo Universitario Arte Contemporáneo
Outros Autores: Labastida, Alejandra (curaduría y texto) (curaduría y texto), Medina, Cuauhtémoc (curaduría y texto) (curaduría y texto), Zohar, Ayelet (texto) (texto), Berlanga, Jessica (texto) (texto)
Formato: Livro
Idioma:espanhol
Publicado em: México : UNAM, Museo Universitario Arte Contemporáneo, 2015, c2015
Colecção:(Folio MUAC ; 36)
Assuntos:
Tags: Adicionar Tag
Sem tags, seja o primeiro a adicionar uma tag!

MARC

LEADER 00000nam^a2200000^a^4500
001 000447904
005 20250521000000.0
009 20260310123644.464
020 |a 978-607-02-5175-7 
020 |a 978-607-02-6975-2 
037 |a Acervo ITESO - Biblioteca 
041 |a ESP 
082 |a 709. 05  |b MUAC V. 36 
100 |a Koizumi, Meiro  |e (artista) 
245 1 0 |a Retrato de un silencio fallido =  |b Portrait of a Failed Science /  |c M. Koizumi ; curaduría y texto de A. Labastida, C. Medina ; texto de A. Zohar, J. Berlanga ; Museo Universitario Arte Contemporáneo. 
264 4 |a México :  |b UNAM, Museo Universitario Arte Contemporáneo,  |c 2015, c2015 
300 |a 79 p. 
336 |a texto  |b txt  |2 rdacontenido 
337 |a sin mediación  |b n  |2 rdamedio 
338 |a volumen  |b nc  |2 rdasoporte 
440 1 |a (Folio MUAC ;  |v 36) 
520 |a Folio MUAC es una colección de publicaciones de extensión breve, relativas a exposiciones presentadas en el Museo Universitario Arte Contemporáneo de la UNAM. La edición recuenta la exposición que se presentó en la sala 7 del MUAC entre el 5 de septiembre del 2015 y el 3 de enero del 2016, con la obra del artista japonés Meiro Koizumi. Mediante una serie de performances y videoinstalaciones, el artista recurre a la figura de los pilotos kamikaze para problematizar acerca de las convenciones sociales y culturales japonesas alrededor de la masculinidad, el honor, la culpa de supervivencia, el nacionalismo y los tabúes en relación a la memoria de la Segunda Guerra Mundial. 
546 |a Edición bilingüe español-inglés 
649 |a XX 
650 |a Artistas Japoneses -  |x Exposiciones -  |x Catálogos 
650 |a Aviadores en el Arte -  |x Historia y Crítica 
650 |a Aviadores -  |z Japón -  |x Condiciones Sociales y Culturales 
650 |a Fuerza Aérea -  |z Japón -  |x Historia 
650 |a Museos Universitarios -  |z México (Ciudad) -  |x Exposiciones 
650 |a Museos Universitarios -  |z México -  |x Exposiciones 
650 |a Museos y Galerías -  |z México (Ciudad) -  |x Exposiciones 
650 |a Museos y Galerías -  |z México -  |x Exposiciones 
650 |a Vergüenza 
650 |a Culpa 
650 |a Honor -  |z Japón 
650 |a Machismo -  |z Japón 
650 |a Identidad de Género -  |z Japón 
650 |a Nacionalismo -  |z Japón 
650 |a Identidad Nacional -  |z Japón 
650 |a Performances y Happenings -  |z Japón -  |x Exposiciones 
650 |a Performances y Happenings -  |z Japón -  |x Historia y Crítica 
650 |a Video-Instalaciones -  |z Japón -  |x Exposiciones 
650 |a Video-Instalaciones -  |z Japón -  |x Historia y Crítica 
650 |a Instalaciones (Arte) -  |x Japón -  |x Exposiciones 
650 |a Instalaciones (Arte) -  |x Japón -  |x Historia y Crítica 
650 |a Arte (Tendencias Recientes) -  |z Japón -  |x Exposiciones -  |x Catálogos 
650 |a Arte (Tendencias Recientes) -  |z Japón -  |x Exposiciones 
650 |a Arte (Tendencias Recientes) -  |z Japón -  |x Historia y Crítica 
650 |a Arte Japonés -  |x Exposiciones -  |x Catálogos 
650 |a Arte Japonés -  |x Exposiciones 
650 |a Arte Japonés -  |x Historia y Crítica 
650 |a Arte Japonés -  |y Siglo XXI 
650 |a Guerra Mundial (Segunda), 1939-1945 -  |x Historia 
650 |a Japón -  |x Historia -  |y 1932-1945 -  |x Tema Principal 
650 |a Koizumi, Meiro -  |x Tema Principal 
650 |a Museo Universitario Arte Contemporáneo 
700 |a Labastida, Alejandra  |e (curaduría y texto) 
700 |a Medina, Cuauhtémoc  |e (curaduría y texto) 
700 |a Zohar, Ayelet  |e (texto) 
700 |a Berlanga, Jessica  |e (texto) 
710 |a Museo Universitario Arte Contemporáneo 
910 |a Fondo General 
920 |a Impresos - Libros 
930 |a Reserva Especial 
905 |a 103 
901 |a 0500353225  |b IT1  |c REE  |i C175114  |u 20250521 
902 |a https://opac.biblio.iteso.mx/vufind/Record/000447904